Đầu tư tài chính

Gardado en:
Detalles Bibliográficos
Formato: Libro
Idioma:Undetermined
Publicado: Thành phố Hồ Chí Minh Thống kê 2006
Những chủ đề:
Các nhãn: Engadir etiqueta
Sen Etiquetas, Sexa o primeiro en etiquetar este rexistro!
Thư viện lưu trữ: Trung tâm Học liệu Trường Đại học Cần Thơ
LEADER 00533nam a2200181Ia 4500
001 CTU_100823
008 210402s9999 xx 000 0 und d
020 |c 178000 
082 |a 332.632 
082 |b Đ125 
245 0 |a Đầu tư tài chính 
245 0 |c Phan Thị Bích Nguyệt ...[et al.] 
260 |a Thành phố Hồ Chí Minh 
260 |b Thống kê 
260 |c 2006 
650 |a Bank marketing,Investment banking 
904 |i Tuyến 
980 |a Trung tâm Học liệu Trường Đại học Cần Thơ